000 00997nam a22002657a 4500
005 20150124122810.0
008 140905t ck||||| |||| 00| 0 spa d
020 _a9789587104363
050 0 4 _aKG548
_bB74 2009
100 1 _aBrewer-Carias, Allan R.
245 1 0 _aReforma constitucional, Asamblea Constituyente y control judicial: Honduras (2009), Ecuador (2007) y Venezuela (1999)
_c / Allan R. Brewer-Carias
250 _a1a ed.
260 _aBogotá :
_bUniversidad Externado de Colombia,
_c2009
300 _a144 p. ;
_c21 cm.
490 0 _aDerecho Administrativo
_vno. 7
504 _aIncluye bibliografĂ­a
506 _aBib. Med. ISO 2011
650 7 _2Lemb
_aDerecho constitucional
_zHonduras
650 7 _2Lemb
_aDerecho constitucional
_zEcuador
650 7 _2Lemb
_aDerecho constitucional
_zVenezuela
650 7 _2Lemb
_aAsamblea constituyente
_zHonduras
650 7 _2Lemb
_aAsamblea constituyente
_zEcuador
650 4 _2Lemb
_aAsamblea constituyente
_zVenezuela
942 _2lcc
_cLIB
999 _c26606
_d26606